Soccer restart plays / (Record no. 145939)

MARC details
000 -LEADER
fixed length control field 00620nam a2200217 a 4500
008 - FIXED-LENGTH DATA ELEMENTS--GENERAL INFORMATION
fixed length control field
020 ## - INTERNATIONAL STANDARD BOOK NUMBER
International Standard Book Number 087322521X
049 ## - LOCAL HOLDINGS (OCLC)
Holding library MAIN
050 00 - LIBRARY OF CONGRESS CALL NUMBER
Classification number GV943.8
Item number SOC
003 - CONTROL NUMBER IDENTIFIER
control field
005 - DATE AND TIME OF LATEST TRANSACTION
control field 20230123133301.0
040 ## - CATALOGING SOURCE
Transcribing agency NUST
245 00 - TITLE STATEMENT
Title Soccer restart plays /
Statement of responsibility, etc. edited by J. Malcolm Simon, John A. Reeves
260 ## - PUBLICATION, DISTRIBUTION, ETC.
Place of publication, distribution, etc. Champaign, IL :
-- bHuman Kinetics Publishers,
Date of publication, distribution, etc. c1994.
300 ## - PHYSICAL DESCRIPTION
Extent xi, 139 p. :
Other physical details ill. ;
Dimensions 23 cm.
650 #0 - SUBJECT ADDED ENTRY--TOPICAL TERM
Topical term or geographic name entry element Soccer
General subdivision Coaching.
700 1# - ADDED ENTRY--PERSONAL NAME
Personal name Simon, J. Malcolm.
700 1# - ADDED ENTRY--PERSONAL NAME
Personal name Reeves, John A.
907 ## - LOCAL DATA ELEMENT G, LDG (RLIN)
a .b10078150
b 26-04-12
c 19-06-03
942 ## - ADDED ENTRY ELEMENTS (KOHA)
Koha item type Ordinary Loan Books
Holdings
Date last seen Total Checkouts Full call number Barcode Cost, replacement price Price effective from Koha item type Lost status Source of classification or shelving scheme Damaged status Not for loan Collection Withdrawn status Home library Current library Shelving location Date acquired Cost, normal purchase price
01/23/2023 15 GV943.8 SOC 92003000981 80.00 01/23/2023 BOOKS   LCC     NFIC   MAIN MAIN GEN 01/23/2023 80.00